[Event "2. Bundesliga Mitte 2010/11"]
[Site "Gleisdorf"]
[Date "2011.03.13"]
[Round "8"]
[Board "3"]
[White "Abel, Dennes"]
[Black "Grunberg, Mihai-Lucian"]
[Result "1/2-1/2"]
[WhiteElo "2394"]
[BlackElo "2414"]
[PlyCount "97"]
[EventDate "2010.10.16"]
[EventType "team"]
[EventRounds "11"]
[EventCountry "AUT"]
[WhiteTeam "RbEJ Gleisdorf"]
[BlackTeam "Strassenbahn Graz"]

1.d4 f5 2.g3 Nf6 3.Bg2 c6 4.c4 g6 5.Nc3 Bg7 6.Nh3 d6 7.d5 O-O 8.Nf4 Qe8 9.O-O
Na6 10.dxc6 bxc6 11.Qa4 Nb8 12.Rd1 Kh8 13.Rb1 Bd7 14.b4 g5 15.Nd3 Qh5 16.b5 f4
17.gxf4 gxf4 18.Nxf4 Qh4 19.h3 e5 20.bxc6 Nxc6 21.Bxc6 exf4 22.Bxd7 Nxd7 23.Qxd7
Bxc3 24.Bb2 Bxb2 25.Rxb2 Rad8 26.Qxa7 Rg8+ 27.Kh2 f3 28.Qd4+ Qxd4 29.Rxd4 Rg2+
30.Kh1 Rxf2 31.Rdd2 Re8 32.e3 Rxd2 33.Rxd2 Rxe3 34.Kg1 Rc3 35.Rd4 Ra3 36.Kf2
Rxa2+ 37.Kxf3 Ra3+ 38.Ke4 Rxh3 39.Rxd6 Kg7 40.c5 Kf7 41.Kd5 Ke7 42.Ra6 Kd7
43.Ra7+ Kc8 44.Rg7 Rh6 45.Kc4 Kb8 46.Kb5 Kc8 47.Rf7 Kb8 48.c6 Rh1 49.Rf8+ 1/2-1/2

[Event "2. Bundesliga Mitte 2010/11"]
[Site "Gleisdorf"]
[Date "2011.03.13"]
[Round "8"]
[Board "5"]
[White "Knoll, Martin"]
[Black "Pesorda, Ivan"]
[Result "0-1"]
[WhiteElo "2025"]
[BlackElo "2273"]
[PlyCount "62"]
[EventDate "2010.10.16"]
[EventType "team"]
[EventRounds "11"]
[EventCountry "AUT"]
[WhiteTeam "RbEJ Gleisdorf"]
[BlackTeam "Strassenbahn Graz"]

1.d4 Nf6 2.Nc3 c5 3.d5 Qa5 4.Bd2 b5 5.Ne4 Qb6 6.Nxf6+ exf6 7.Bf4 d6 8.Qd3 Nd7
9.e4 Rb8 10.Ne2 g6 11.h4 h5 12.f3 Ne5 13.Bxe5 fxe5 14.c3 c4 15.Qc2 Bh6 16.Ng1
O-O 17.Nh3 f5 18.Qf2 Be3 19.Qg3 Kg7 20.Be2 f4 21.Qh2 b4 22.g4 bxc3 23.bxc3 Qb2
24.Rd1 hxg4 25.Ng5 Qxc3+ 26.Kf1 g3 27.Qg2 Rb2 28.h5 Qc2 29.hxg6 Rb1 30.Re1 Rxe1+
31.Kxe1 Qd2+ 0-1

[Event "2. Bundesliga Mitte 2010/11"]
[Site "Wolfsberg"]
[Date "2011.04.08"]
[Round "9"]
[Board "1"]
[White "Stevic, Hrvoje"]
[Black "Renner, Christoph"]
[Result "1-0"]
[WhiteElo "2607"]
[BlackElo "2420"]
[PlyCount "143"]
[EventDate "2010.10.16"]
[EventType "team"]
[EventRounds "11"]
[EventCountry "AUT"]
[WhiteTeam "ZH-Technologies-Wolfsberg"]
[BlackTeam "SPG Sauwald 1"]

1.e4 e6 2.d4 d5 3.e5 b6 4.Bb5+ c6 5.Ba4 Ne7 6.c3 Nf5 7.Ne2 Be7 8.Ng3 Ba6 9.Nxf5
exf5 10.Qf3 Qd7 11.Qg3 g6 12.Bh6 Qe6 13.Nd2 g5 14.Qh3 Rg8 15.Bc2 Bc8 16.f4 g4
17.Qh5 Qg6 18.Qxg6 hxg6 19.h3 gxh3 20.Rxh3 Na6 21.Nf3 Nc7 22.Bg5 Ne6 23.Bxe7
Kxe7 24.Rh4 Ba6 25.Kf2 Rh8 26.Rxh8 Rxh8 27.Ke3 Kd7 28.a4 Kc7 29.a5 Kb7 30.axb6
axb6 31.Ba4 Bc4 32.b3 Bb5 33.Bxb5 cxb5 34.g3 Rc8 35.Kd3 Rh8 36.Ke2 Rh3 37.Kf2
Rh8 38.b4 Rc8 39.Ra3 Rh8 40.Kg2 Rc8 41.Nh4 Rh8 42.Kf3 Kb8 43.Ng2 Rh1 44.Ne3 Nc7
45.Ra2 Kb7 46.Kg2 Rc1 47.Rc2 Re1 48.Kf2 Rh1 49.Nf1 Ne6 50.Kg2 Rh8 51.Ne3 Nc7
52.Ra2 Rh5 53.Ra1 Kc8 54.Ra2 Kb7 55.Kg1 Rh3 56.Rh2 Rxh2 57.Kxh2 Kc6 58.g4 fxg4
59.Kg3 Kd7 60.Kxg4 Ke6 61.Kg5 Ne8 62.f5+ gxf5 63.Ng2 Nc7 64.Nf4+ Kd7 65.Kf6 Ne6
66.Kxf5 Nxf4 67.Kxf4 Ke6 68.Kg5 Ke7 69.Kf5 Kd7 70.Kf6 Ke8 71.e6 Kf8 72.Ke5 1-0

[Event "2. Bundesliga Mitte 2010/11"]
[Site "Wolfsberg"]
[Date "2011.04.08"]
[Round "9"]
[Board "2"]
[White "Testor, Sebastian"]
[Black "Jovanovic, Zoran"]
[Result "0-1"]
[WhiteElo "2365"]
[BlackElo "2520"]
[PlyCount "114"]
[EventDate "2010.10.16"]
[EventType "team"]
[EventRounds "11"]
[EventCountry "AUT"]
[WhiteTeam "SPG Sauwald 1"]
[BlackTeam "ZH-Technologies-Wolfsberg"]

1.d4 d6 2.e4 Nf6 3.Nc3 e5 4.Nf3 Nbd7 5.Bc4 Be7 6.O-O O-O 7.Re1 c6 8.a4 a5 9.b3
Nb6 10.Bf1 exd4 11.Nxd4 d5 12.e5 Ne8 13.Bd3 g6 14.Nce2 Ng7 15.Bh6 Re8 16.Ng3 Bg5
17.Bxg5 Qxg5 18.Nf3 Qf4 19.Ne2 Qh6 20.Ned4 Bg4 21.Qd2 Qxd2 22.Nxd2 Rad8 23.f3
Bc8 24.f4 Nd7 25.N2f3 Nc5 26.Rad1 Bg4 27.Kf2 Ne4+ 28.Bxe4 dxe4 29.h3 Bxf3
30.gxf3 exf3 31.Kxf3 Kf8 32.c3 Ke7 33.b4 axb4 34.cxb4 Ne6 35.Nxe6 Kxe6 36.Ke4 f6
37.exf6 Kxf6+ 38.Kf3 Rxe1 39.Rxd8 Rb1 40.Rd7 Rb3+ 41.Kg2 Rxb4 42.Rxh7 Rxf4
43.Rxb7 Rxa4 44.Rc7 Rc4 45.Rc8 Rc3 46.Rc7 Kg5 47.Rc8 c5 48.Rc6 c4 49.Rc8 Rc1
50.Rc7 Kf4 51.Rf7+ Ke4 52.Rg7 c3 53.Rxg6 Rd1 54.Rc6 Kd3 55.Rd6+ Kc2 56.Rc6 Rd4
57.Kg3 Kd2 0-1

[Event "2. Bundesliga Mitte 2010/11"]
[Site "Wolfsberg"]
[Date "2011.04.08"]
[Round "9"]
[Board "3"]
[White "Steflitsch, Erich"]
[Black "Taggatz, Mario"]
[Result "1/2-1/2"]
[WhiteElo "2367"]
[BlackElo "2331"]
[PlyCount "74"]
[EventDate "2010.10.16"]
[EventType "team"]
[EventRounds "11"]
[EventCountry "AUT"]
[WhiteTeam "ZH-Technologies-Wolfsberg"]
[BlackTeam "SPG Sauwald 1"]

1.d4 d5 2.c4 e6 3.Nc3 Bb4 4.e3 c5 5.a3 Bxc3+ 6.bxc3 Nc6 7.cxd5 exd5 8.Bd3 Nge7
9.Ne2 c4 10.Bc2 Bf5 11.a4 O-O 12.Ba3 Re8 13.O-O Qd7 14.a5 Bxc2 15.Qxc2 Rad8
16.Rfb1 Qc7 17.Bxe7 Rxe7 18.Rb5 Rd6 19.Nf4 Red7 20.Rc5 Qd8 21.Qa4 Ne7 22.e4 dxe4
23.Qxc4 Rc6 24.Rxc6 Nxc6 25.a6 Ne7 26.Qe2 Qc7 27.Qxe4 Qxc3 28.Rb1 b6 29.Nd5 Qa3
30.Nxb6 Rc7 31.g3 axb6 32.Rxb6 h6 33.Rb8+ Nc8 34.a7 Qxa7 35.Qe8+ Kh7 36.Rxc8
Rxc8 37.Qxc8 Qxd4 1/2-1/2

[Event "2. Bundesliga Mitte 2010/11"]
[Site "Wolfsberg"]
[Date "2011.04.08"]
[Round "9"]
[Board "4"]
[White "Hiermann, Dietmar"]
[Black "Wegerer, Fred"]
[Result "1-0"]
[WhiteElo "2287"]
[BlackElo "2218"]
[PlyCount "85"]
[EventDate "2010.10.16"]
[EventType "team"]
[EventRounds "11"]
[EventCountry "AUT"]
[WhiteTeam "SPG Sauwald 1"]
[BlackTeam "ZH-Technologies-Wolfsberg"]

1.e4 c6 2.d4 d5 3.e5 Bf5 4.Nc3 a6 5.g4 Bd7 6.Be3 h5 7.g5 g6 8.Nf3 Bg4 9.h3 Bxf3
10.Qxf3 e6 11.h4 Nd7 12.Ne2 Qb6 13.O-O-O Ne7 14.Bh3 Bg7 15.Nf4 c5 16.dxc5 Nxe5
17.cxb6 Nxf3 18.Kb1 O-O 19.Bc5 Rfe8 20.c4 dxc4 21.Bg2 Ne5 22.Bxb7 Rab8 23.Bxa6
Nf5 24.b7 Ng4 25.Ba7 Be5 26.Ne2 Rbd8 27.Bxc4 Bb8 28.Bb6 Rd6 29.Rxd6 Nxd6 30.Ba6
Re7 31.Bc5 Rd7 32.Rd1 Rd8 33.Nc3 Ne5 34.f4 Nc6 35.Bb6 Rf8 36.a3 f6 37.Nb5 Ne8
38.Rc1 fxg5 39.Rxc6 gxh4 40.Rc8 Bxf4 41.Nc7 h3 42.b8=Q h2 43.Bb7 1-0

[Event "2. Bundesliga Mitte 2010/11"]
[Site "Wolfsberg"]
[Date "2011.04.08"]
[Round "9"]
[Board "5"]
[White "Waldmann, Gerald"]
[Black "Kirschner, Alexander"]
[Result "1/2-1/2"]
[WhiteElo "2212"]
[BlackElo "2260"]
[PlyCount "147"]
[EventDate "2010.10.16"]
[EventType "team"]
[EventRounds "11"]
[EventCountry "AUT"]
[WhiteTeam "ZH-Technologies-Wolfsberg"]
[BlackTeam "SPG Sauwald 1"]

1.e4 e6 2.d4 d5 3.Nd2 Be7 4.Ngf3 Nf6 5.Bd3 c5 6.exd5 exd5 7.dxc5 O-O 8.O-O Bxc5
9.Nb3 Bb6 10.h3 Nc6 11.c3 Qd6 12.Nbd4 Re8 13.Re1 Bd7 14.Be3 Qb8 15.Qc2 Qd8
16.Bg5 Rxe1+ 17.Rxe1 h6 18.Bh4 Rc8 19.Qb3 Na5 20.Qd1 Nc4 21.Qe2 a6 22.Bb1 Bc5
23.Qc2 g6 24.Qc1 Bf8 25.Ne5 Nxe5 26.Rxe5 Bc6 27.Qe3 Bg7 28.Re7 Qd6 29.Bg3 Qd8
30.Bxg6 fxg6 31.Rxg7+ Kxg7 32.Ne6+ Kf7 33.Nxd8+ Rxd8 34.Qxh6 Re8 35.Qf4 Re4
36.Qc7+ Re7 37.Qf4 Re4 38.Qg5 Re1+ 39.Kh2 Re6 40.Be5 Ne4 41.Qf4+ Kg8 42.Bd4 Nd6
43.g4 Nf7 44.h4 Kf8 45.Kg3 Ke7 46.Bc5+ Ke8 47.Bd4 Nd6 48.f3 Ke7 49.h5 gxh5
50.Qg5+ Kd7 51.Qxh5 Bb5 52.Qxd5 Bc6 53.Qh5 Re7 54.Bc5 Rf7 55.f4 Ne4+ 56.Kh4 Rxf4
57.Qh7+ Ke6 58.Qe7+ Kd5 59.Bd4 Rf1 60.Kh5 Kc4 61.Kg6 Rf3 62.Qe6+ Kd3 63.g5 Rg3
64.Bf6 Rg2 65.Qe5 Rxb2 66.Qd4+ Ke2 67.Kf7 Rd2 68.Qe5 Ke3 69.c4 Rf2 70.Ke7 Kd3
71.Qd4+ Ke2 72.Qe5 Kd3 73.Qd4+ Ke2 74.Qe5 1/2-1/2

[Event "2. Bundesliga Mitte 2010/11"]
[Site "Wolfsberg"]
[Date "2011.04.08"]
[Round "9"]
[Board "6"]
[White "Niederwieser, Peter"]
[Black "Toefferl, Heimo"]
[Result "0-1"]
[WhiteElo "2194"]
[BlackElo "2126"]
[PlyCount "98"]
[EventDate "2010.10.16"]
[EventType "team"]
[EventRounds "11"]
[EventCountry "AUT"]
[WhiteTeam "SPG Sauwald 1"]
[BlackTeam "ZH-Technologies-Wolfsberg"]

1.d4 e6 2.c4 d5 3.Nc3 f5 4.Nf3 c6 5.Bf4 Nf6 6.e3 Be7 7.Qc2 O-O 8.Bd3 Na6 9.a3
dxc4 10.Bxc4 b5 11.Be2 b4 12.axb4 Nxb4 13.Qb3 a5 14.O-O Nfd5 15.Be5 g5 16.Rfc1
h5 17.Nd2 g4 18.Na4 Bg5 19.g3 Ra7 20.Nc5 h4 21.Nc4 hxg3 22.hxg3 Be7 23.Kg2 Nf6
24.Nd2 Qd5+ 25.Qxd5 exd5 26.Ndb3 Bd8 27.Nd3 Nxd3 28.Bxd3 Nd7 29.Bf4 Ba6 30.Bxa6
Rxa6 31.Nc5 Nxc5 32.Rxc5 Rf7 33.b4 a4 34.b5 cxb5 35.Rxb5 Rd7 36.Be5 a3 37.Ra2
Be7 38.Kf1 Ra4 39.Ke2 Rb4 40.Rxb4 Bxb4 41.Kd3 Rb7 42.Kc2 Be7 43.Kc1 Kf7 44.Rc2
Rb4 45.Bc7 Ke6 46.Ba5 Ra4 47.Bc3 Kd7 48.Kb1 Rc4 49.Ba1 Kc6 {and with was
flaged!} 0-1

[Event "2. Bundesliga Mitte 2010/11"]
[Site "Wolfsberg"]
[Date "2011.04.08"]
[Round "9"]
[Board "1"]
[White "Lenic, Luka"]
[Black "Galyas, Miklos"]
[Result "1-0"]
[WhiteElo "2603"]
[BlackElo "2484"]
[PlyCount "155"]
[EventDate "2010.10.16"]
[EventType "team"]
[EventRounds "11"]
[EventCountry "AUT"]
[WhiteTeam "SV Raika Rapid Feffernitz"]
[BlackTeam "ASK St. Valentin"]

1.c4 c5 2.Nf3 Nc6 3.Nc3 e5 4.g3 g6 5.Bg2 Bg7 6.O-O d6 7.Ne1 Be6 8.Nd5 Nge7 9.a3
a5 10.Nc2 O-O 11.Rb1 Rb8 12.d3 b5 13.Bg5 f6 14.Bd2 Qd7 15.Nce3 f5 16.Nxe7+ Nxe7
17.Bxa5 f4 18.Nd5 Nxd5 19.cxd5 Bh3 20.b4 Bxg2 21.Kxg2 e4 22.dxe4 c4 23.Rc1 Be5
24.f3 g5 25.g4 h5 26.h3 Rfc8 27.Rg1 h4 28.Rc2 Qa7 29.Qd2 Bd4 30.Rd1 Be5 31.Rdc1
Bd4 32.Rc3 Bxc3 33.Rxc3 Qg7 34.Kf1 Kf8 35.Ke1 Qa7 36.Kd1 Qg1+ 37.Kc2 Qf1 38.Qd1
Qxd1+ 39.Kxd1 Kf7 40.Kd2 Kf6 41.Rc2 Rb7 42.Kc3 Ke5 43.a4 Rbb8 44.axb5 Rxb5
45.Rd2 Rb7 46.Rd4 Rbb8 47.Rxc4 Rxc4+ 48.Kxc4 Rc8+ 49.Kd3 Kf6 50.b5 Ke7 51.Bd2
Rc5 52.e3 Rxb5 53.exf4 Rb1 54.fxg5 Rh1 55.Bf4 Rxh3 56.Ke2 Rh1 57.Kf2 Ra1 58.e5
Ra2+ 59.Kg1 Ra5 60.exd6+ Kf7 61.Be5 Rxd5 62.f4 Kg6 63.Kg2 Rd3 64.Kh2 Rd1 65.Bf6
Rxd6 66.f5+ Kf7 67.Kh3 Rd1 68.Kxh4 Rh1+ 69.Kg3 Rg1+ 70.Kf3 Rf1+ 71.Kg2 Rb1
72.Bc3 Rb3 73.g6+ Kg8 74.Bf6 Rb6 75.Be7 Kg7 76.Kg3 Rb7 77.Bd6 Rb1 78.Kf4 1-0

[Event "2. Bundesliga Mitte 2010/11"]
[Site "Wolfsberg"]
[Date "2011.04.08"]
[Round "9"]
[Board "2"]
[White "Sandhoefner, Florian"]
[Black "Sebenik, Matej"]
[Result "1/2-1/2"]
[WhiteElo "2243"]
[BlackElo "2516"]
[PlyCount "61"]
[EventDate "2010.10.16"]
[EventType "team"]
[EventRounds "11"]
[EventCountry "AUT"]
[WhiteTeam "ASK St. Valentin"]
[BlackTeam "SV Raika Rapid Feffernitz"]

1.e4 e6 2.d4 d5 3.exd5 exd5 4.Nf3 Nc6 5.Bd3 Bd6 6.O-O Bg4 7.c3 Qd7 8.Nbd2 Nge7
9.Re1 O-O-O 10.b4 Ng6 11.Nb3 Rde8 12.Be3 Nh4 13.Be2 Nxf3+ 14.Bxf3 h5 15.h3 Bxf3
16.Qxf3 f6 17.Nc5 Bxc5 18.bxc5 Re4 19.Reb1 Na5 20.Rb4 b6 21.cxb6 axb6 22.c4 Rhe8
23.cxd5 Qxd5 24.Rc1 R8e6 25.a4 Qd6 26.Rb5 Nc6 27.Rxh5 Nxd4 28.Rh8+ Kb7 29.Bxd4
Qxd4 30.Rh7 f5 31.a5 1/2-1/2

[Event "2. Bundesliga Mitte 2010/11"]
[Site "Wolfsberg"]
[Date "2011.04.08"]
[Round "9"]
[Board "3"]
[White "Gostisa, Leon"]
[Black "Kranzl, Peter"]
[Result "1-0"]
[WhiteElo "2405"]
[BlackElo "2256"]
[PlyCount "103"]
[EventDate "2010.10.16"]
[EventType "team"]
[EventRounds "11"]
[EventCountry "AUT"]
[WhiteTeam "SV Raika Rapid Feffernitz"]
[BlackTeam "ASK St. Valentin"]

1.d4 Nf6 2.Nf3 g6 3.Bg5 Bg7 4.Nbd2 O-O 5.e3 d6 6.Be2 Nbd7 7.O-O h6 8.Bh4 e5 9.c3
Qe8 10.dxe5 dxe5 11.h3 Nc5 12.Nc4 Nfe4 13.Ncd2 Nd6 14.Bg3 Bf5 15.Nb3 Na4 16.Qc1
Ne4 17.Bh2 Rd8 18.Rd1 Rxd1+ 19.Bxd1 Nec5 20.Nxc5 Nxc5 21.Bc2 Bxc2 22.Qxc2 Qe6
23.b4 Nd7 24.Qb3 Qe7 25.Rd1 c6 26.e4 a6 27.Bg3 Bf6 28.c4 c5 29.b5 a5 30.Qc3 Ra8
31.Ne1 Nb6 32.Nc2 Bg5 33.Bxe5 Nxc4 34.Bg3 Qxe4 35.h4 Bxh4 36.Re1 Qg4 37.Bc7 Bg5
38.Qd3 Nb2 39.Qd5 Qc4 40.Qxb7 Rf8 41.Ne3 Qc3 42.Re2 Nd3 43.Qe4 Qc1+ 44.Nf1 Nf4
45.Re1 Qc3 46.b6 f5 47.Qe3 Qb4 48.a3 Qc4 49.b7 Qd5 50.Bxf4 Bxf4 51.Qxf4 Qxb7
52.Qxh6 1-0

[Event "2. Bundesliga Mitte 2010/11"]
[Site "Wolfsberg"]
[Date "2011.04.08"]
[Round "9"]
[Board "4"]
[White "Tober, Gerhard"]
[Black "Diermair, Andreas"]
[Result "0-1"]
[WhiteElo "2284"]
[BlackElo "2354"]
[PlyCount "60"]
[EventDate "2010.10.16"]
[EventType "team"]
[EventRounds "11"]
[EventCountry "AUT"]
[WhiteTeam "ASK St. Valentin"]
[BlackTeam "SV Raika Rapid Feffernitz"]

1.e4 e5 2.Nf3 Nc6 3.d4 exd4 4.Bc4 Nf6 5.e5 d5 6.Bb5 Ne4 7.Nxd4 Bd7 8.Bxc6 bxc6
9.O-O Bc5 10.Be3 Qe7 11.f3 Nd6 12.f4 O-O 13.Qc1 Nc4 14.Bf2 f6 15.e6 Bxe6 16.Re1
Bxd4 17.Bxd4 Qd7 18.b3 Nd6 19.Bxa7 Rxa7 20.Qe3 Nb5 21.c4 dxc4 22.Nc3 Qd4 23.Nxb5
Qxe3+ 24.Rxe3 cxb5 25.Rxe6 cxb3 26.a3 Rfa8 27.Re3 Rxa3 28.Rb1 c5 29.Rexb3 Rxb3
30.Rxb3 b4 0-1

[Event "2. Bundesliga Mitte 2010/11"]
[Site "Wolfsberg"]
[Date "2011.04.08"]
[Round "9"]
[Board "5"]
[White "Perhinig, Robert"]
[Black "Trauner, Rudolf"]
[Result "1/2-1/2"]
[WhiteElo "2262"]
[BlackElo "2222"]
[PlyCount "108"]
[EventDate "2010.10.16"]
[EventType "team"]
[EventRounds "11"]
[EventCountry "AUT"]
[WhiteTeam "SV Raika Rapid Feffernitz"]
[BlackTeam "ASK St. Valentin"]

1.Nf3 e6 2.g3 Nf6 3.Bg2 d5 4.c4 Be7 5.O-O Nbd7 6.b3 O-O 7.Bb2 b6 8.d3 Bb7 9.Nc3
a6 10.Re1 c5 11.cxd5 Nxd5 12.Nxd5 exd5 13.e4 Re8 14.Qd2 Qc7 15.Rac1 dxe4 16.dxe4
Rad8 17.Qc2 Bf6 18.Bxf6 Nxf6 19.Nd2 Qe7 20.f3 Qe6 21.Nc4 Rd4 22.Rcd1 Red8
23.Rxd4 cxd4 24.Rd1 b5 25.Nb2 Qb6 26.Nd3 Rc8 27.Qf2 h6 28.Nf4 Nd7 29.Bf1 Ne5
30.Bg2 Rd8 31.h4 Qc5 32.Qd2 Rd7 33.Nd3 Nxd3 34.Qxd3 Bc6 35.Rd2 Qc3 36.Bf1 Qa1
37.Rc2 Bb7 38.Kg2 Qe1 39.Qd2 Qxd2+ 40.Rxd2 Kf8 41.Kf2 Ke7 42.Bh3 Rd8 43.e5 Bc8
44.Bxc8 Rxc8 45.f4 Ke6 46.Rxd4 Rc2+ 47.Kf3 Rxa2 48.Rd6+ Ke7 49.Rb6 Ra3 50.f5
Rxb3+ 51.Ke4 Rxg3 52.Rb7+ Ke8 53.Rb8+ Ke7 54.Rb7+ Ke8 1/2-1/2

[Event "2. Bundesliga Mitte 2010/11"]
[Site "Wolfsberg"]
[Date "2011.04.08"]
[Round "9"]
[Board "6"]
[White "Heimberger, Reinhard"]
[Black "Tschohl, Christof"]
[Result "1-0"]
[WhiteElo "2302"]
[BlackElo "2151"]
[PlyCount "107"]
[EventDate "2010.10.16"]
[EventType "team"]
[EventRounds "11"]
[EventCountry "AUT"]
[WhiteTeam "ASK St. Valentin"]
[BlackTeam "SV Raika Rapid Feffernitz"]

1.c4 e5 2.Nc3 Nf6 3.g3 d5 4.cxd5 Nxd5 5.Bg2 Nb6 6.Nf3 Nc6 7.O-O Be7 8.d3 Be6
9.a3 a5 10.Be3 Nd5 11.Qd2 O-O 12.Rad1 f6 13.d4 Nxc3 14.Qxc3 e4 15.d5 Bxd5 16.Rd2
Na7 17.Bxa7 Rxa7 18.Nd4 c6 19.Ne6 Qb6 20.Nxf8 Bxf8 21.e3 Ra8 22.Bh3 Re8 23.Rc1
Bd6 24.Bf1 Be5 25.Qc5 Qxc5 26.Rxc5 b6 27.Rcc2 Kf7 28.Bc4 Rd8 29.Bxd5+ Rxd5
30.Rxd5 cxd5 31.b3 Bd6 32.Rc6 Bxa3 33.Rxb6 Bb4 34.Rb7+ Kf8 35.Rd7 h6 36.Rxd5 Ke7
37.g4 Ke6 38.Rb5 g6 39.h4 Bc3 40.h5 gxh5 41.Rxh5 Kd6 42.Kf1 Be5 43.Ke2 Kc5
44.Kd2 Kb4 45.Kc2 a4 46.bxa4 Kxa4 47.Rxh6 Kb4 48.Rh5 Kc4 49.Rxe5 fxe5 50.g5 Kd5
51.Kc3 Ke6 52.Kc4 Kf5 53.Kd5 Kxg5 54.Kxe5 1-0

[Event "2. Bundesliga Mitte 2010/11"]
[Site "Wolfsberg"]
[Date "2011.04.08"]
[Round "9"]
[Board "1"]
[White "Horvath, Jozsef"]
[Black "Horvath, Adam"]
[Result "1/2-1/2"]
[WhiteElo "2560"]
[BlackElo "2493"]
[PlyCount "61"]
[EventDate "2010.10.16"]
[EventType "team"]
[EventRounds "11"]
[EventCountry "AUT"]
[WhiteTeam "SC Die Klagenfurter"]
[BlackTeam "RbEJ Gleisdorf"]

1.e4 c5 2.Nc3 Nc6 3.g3 g6 4.Bg2 Bg7 5.d3 d6 6.Be3 e6 7.Qd2 Nge7 8.Bh6 Bxh6
9.Qxh6 Nd4 10.O-O-O b5 11.Nce2 e5 12.Nxd4 cxd4 13.Ne2 Be6 14.Kb1 Nc6 15.Nc1 Rc8
16.f4 Nb4 17.f5 gxf5 18.exf5 Bxf5 19.Rd2 Be6 20.Rf1 Rg8 21.a3 Nd5 22.Bxd5 Bxd5
23.Rdf2 Rc7 24.Qxh7 Qg5 25.Rf5 Qg6 26.Qh4 Qg4 27.Qh6 Qg6 28.Qh4 Qg4 29.Qh6 Qg6
30.Qd2 Ke7 31.Qb4 1/2-1/2

[Event "2. Bundesliga Mitte 2010/11"]
[Site "Wolfsberg"]
[Date "2011.04.08"]
[Round "9"]
[Board "2"]
[White "Horvath, Tamas"]
[Black "Pilaj, Herwig"]
[Result "1/2-1/2"]
[WhiteElo "2414"]
[BlackElo "2349"]
[PlyCount "84"]
[EventDate "2010.10.16"]
[EventType "team"]
[EventRounds "11"]
[EventCountry "AUT"]
[WhiteTeam "RbEJ Gleisdorf"]
[BlackTeam "SC Die Klagenfurter"]

1.e4 c5 2.Nf3 Nc6 3.d4 cxd4 4.Nxd4 g6 5.c4 Nf6 6.Nc3 d6 7.Be2 Nxd4 8.Qxd4 Bg7
9.Be3 O-O 10.Qd2 a5 11.Rd1 Bd7 12.O-O Bc6 13.f3 Nd7 14.b3 Nc5 15.Qe1 b6 16.Bd3
Qb8 17.Bc2 Rc8 18.Nd5 Bxd5 19.Rxd5 a4 20.b4 Nd7 21.Qd1 Rxc4 22.Bxa4 Qc7 23.Rb5
e6 24.Bb3 Rc6 25.Qe2 Ne5 26.Rd1 Nc4 27.Qf2 Nxe3 28.Qxe3 Be5 29.f4 Bg7 30.f5 Re8
31.fxe6 fxe6 32.Qh3 Qe7 33.Rbd5 Rc3 34.R5d3 Rxd3 35.Rxd3 Be5 36.Qg4 Kg7 37.g3 h5
38.Qe2 Rc8 39.Kg2 Re8 40.Qc2 Qb7 41.Qe2 Qc6 42.Rd2 Re7 1/2-1/2

[Event "2. Bundesliga Mitte 2010/11"]
[Site "Wolfsberg"]
[Date "2011.04.08"]
[Round "9"]
[Board "3"]
[White "Genser, Harald"]
[Black "Abel, Dennes"]
[Result "1/2-1/2"]
[WhiteElo "2281"]
[BlackElo "2394"]
[PlyCount "127"]
[EventDate "2010.10.16"]
[EventType "team"]
[EventRounds "11"]
[EventCountry "AUT"]
[WhiteTeam "SC Die Klagenfurter"]
[BlackTeam "RbEJ Gleisdorf"]

1.d4 d5 2.c4 c6 3.Nf3 Nf6 4.e3 Bf5 5.Bd3 Bxd3 6.Qxd3 e6 7.Nbd2 Nbd7 8.O-O Be7
9.Rd1 O-O 10.e4 dxe4 11.Nxe4 Nxe4 12.Qxe4 Nf6 13.Qe2 Qa5 14.Ne5 Rad8 15.Bd2 Qb6
16.Bc3 Qc7 17.Rd2 Bd6 18.Rad1 Qe7 19.a3 a6 20.g3 Rc8 21.Ng4 Nxg4 22.Qxg4 g6
23.Re1 Qc7 24.Qf3 Rce8 25.Rde2 Qe7 26.Qe3 b5 27.d5 cxd5 28.cxd5 b4 29.axb4 Bxb4
30.dxe6 fxe6 31.Qxe6+ Qxe6 32.Rxe6 Bxc3 33.Rxe8 Bxe1 34.Rxe1 Rb8 35.Re2 a5 36.g4
Kf7 37.Kg2 Kf6 38.Kg3 Rb3+ 39.f3 a4 40.h4 h6 41.Re4 Rxb2 42.Rxa4 g5 43.Ra6+ Kg7
44.Ra7+ Kf6 45.h5 Rb6 46.Rh7 Ke5 47.Rf7 Ra6 48.Rf5+ Ke6 49.Rb5 Kf6 50.Rf5+ Kg7
51.Rc5 Ra2 52.Rc7+ Kg8 53.Rc6 Kg7 54.Rg6+ Kh7 55.Re6 Kg7 56.f4 Ra3+ 57.Kf2 gxf4
58.Rg6+ Kh7 59.Rf6 Kg7 60.Rxf4 Rb3 61.Rf3 Rb4 62.Kg3 Ra4 63.Re3 Ra7 64.Rb3 1/2-1/2

[Event "2. Bundesliga Mitte 2010/11"]
[Site "Wolfsberg"]
[Date "2011.04.08"]
[Round "9"]
[Board "4"]
[White "Sandner, Wolfgang"]
[Black "Petschar, Kurt"]
[Result "0-1"]
[WhiteElo "2234"]
[BlackElo "2304"]
[PlyCount "45"]
[EventDate "2010.10.16"]
[EventType "team"]
[EventRounds "11"]
[EventCountry "AUT"]
[WhiteTeam "RbEJ Gleisdorf"]
[BlackTeam "SC Die Klagenfurter"]

1.e4 c5 2.Nf3 Nc6 3.Bc4 Nf6 4.d3 e6 5.Qe2 Be7 6.c3 d5 7.Bb3 O-O 8.e5 Nd7 9.O-O
b5 10.d4 Qb6 11.Rd1 b4 12.Bg5 a5 13.Bc2 Ba6 14.Qd2 Bxg5 15.Qxg5 h6 16.dxc5 Qxc5
17.Qf4 Be2 18.Re1 Bxf3 19.gxf3 Rfc8 20.Nd2 bxc3 21.bxc3 Qxc3 22.Ba4 Ncxe5
23.Bxd7 0-1

[Event "2. Bundesliga Mitte 2010/11"]
[Site "Wolfsberg"]
[Date "2011.04.08"]
[Round "9"]
[Board "5"]
[White "Titz, Heimo"]
[Black "Knoll, Martin"]
[Result "1/2-1/2"]
[WhiteElo "2225"]
[BlackElo "2025"]
[PlyCount "149"]
[EventDate "2010.10.16"]
[EventType "team"]
[EventRounds "11"]
[EventCountry "AUT"]
[WhiteTeam "SC Die Klagenfurter"]
[BlackTeam "RbEJ Gleisdorf"]

1.d4 c6 2.c4 d5 3.Nf3 Nf6 4.Qb3 e6 5.Nc3 Nbd7 6.Bg5 Be7 7.e3 h6 8.Bh4 O-O 9.Rd1
Qc7 10.cxd5 exd5 11.Be2 Bd6 12.Bg3 Re8 13.O-O Bxg3 14.hxg3 Ng4 15.Rc1 Qd6 16.Bd3
Ndf6 17.Qc2 Bd7 18.Rfe1 Re7 19.a3 Rae8 20.Re2 Nxf2 21.Kxf2 Ng4+ 22.Kg1 Nxe3
23.Qd2 Qxg3 24.Rce1 Nxg2 25.Rxg2 Rxe1+ 26.Nxe1 Rxe1+ 27.Bf1 Rxf1+ 28.Kxf1 Bh3
29.Kg1 Bxg2 30.Qxg2 Qe3+ 31.Qf2 Qg5+ 32.Kf1 h5 33.Ne2 Qg4 34.Qf4 Qxf4+ 35.Nxf4
g6 36.Kf2 Kg7 37.Kf3 Kf6 38.a4 Kf5 39.b4 h4 40.Ng2 h3 41.Ne3+ Ke6 42.Kg3 h2
43.Kxh2 b6 44.Kg3 c5 45.bxc5 bxc5 46.dxc5 d4 47.Nc4 Kd5 48.c6 Kxc6 49.Ne5+ Kc5
50.Nxf7 Kb4 51.Kf3 Kxa4 52.Ke4 Kb3 53.Kxd4 a5 54.Nd6 a4 55.Nc4 Kb4 56.Ne3 g5
57.Kd3 Kb3 58.Nc2 Kb2 59.Ne3 Kb3 60.Nc4 g4 61.Nd2+ Kb4 62.Kc2 a3 63.Kb1 Kc3
64.Ne4+ Kb3 65.Ka1 Kc4 66.Ka2 Kd4 67.Ng3 Ke3 68.Kxa3 Kf2 69.Nh5 Kg2 70.Kb3 Kh3
71.Kc3 Kh4 72.Nf4 g3 73.Kd3 Kg4 74.Ke3 g2 75.Nxg2 1/2-1/2

[Event "2. Bundesliga Mitte 2010/11"]
[Site "Wolfsberg"]
[Date "2011.04.08"]
[Round "9"]
[Board "1"]
[White "Tratar, Marko"]
[Black "Karner, Christoph"]
[Result "1/2-1/2"]
[WhiteElo "2475"]
[BlackElo "2322"]
[PlyCount "133"]
[EventDate "2010.10.16"]
[EventType "team"]
[EventRounds "11"]
[EventCountry "AUT"]
[WhiteTeam "SK MPOE Maria Saal"]
[BlackTeam "ESV Austria Graz"]

1.d4 Nf6 2.Nf3 g6 3.c4 Bg7 4.Nc3 O-O 5.e4 d6 6.Be2 e5 7.Be3 exd4 8.Nxd4 Re8 9.f3
c6 10.Bf2 d5 11.exd5 cxd5 12.O-O Nc6 13.c5 Nh5 14.Qd2 Be5 15.g3 Ng7 16.Rfe1 Be6
17.Ncb5 Nf5 18.Nxf5 Bxf5 19.Rad1 Be6 20.f4 Bg7 21.Bf3 Re7 22.Nd6 Qc7 23.Bxd5
Bxd5 24.Qxd5 Rxe1+ 25.Rxe1 Rd8 26.b3 Bf8 27.Re8 a5 28.Rxd8 Nxd8 29.a3 Qd7 30.Ne4
Qxd5 31.Nf6+ Kg7 32.Nxd5 f5 33.Kf1 Kf7 34.Ke2 Ke6 35.Nb6 Nc6 36.Kd3 Bg7 37.Be1
Bd4 38.Kc4 Bb2 39.a4 Ba3 40.Bc3 Bc1 41.Nd5 h5 42.h3 Kd7 43.Kd3 Ba3 44.Bd4 Ke6
45.Nc7+ Kd7 46.Nb5 Bb4 47.Bf2 Nd8 48.Nd6 Ne6 49.Nf7 Bxc5 50.Ne5+ Kd6 51.Be1 b6
52.Nxg6 Nd4 53.Nh4 Ke6 54.Kc4 Nc2 55.Bc3 Bf2 56.Ng2 Bxg3 57.Kd3 Nb4+ 58.Bxb4
axb4 59.Kc4 Bf2 60.Kd3 Kd5 61.Ke2 Bc5 62.Kd3 Bf2 63.h4 Bc5 64.Ne1 Bd6 65.Ke3
Bc5+ 66.Kd3 Bd6 67.Ke3 1/2-1/2

[Event "2. Bundesliga Mitte 2010/11"]
[Site "Wolfsberg"]
[Date "2011.04.08"]
[Round "9"]
[Board "2"]
[White "Kotz, Heinz Peter"]
[Black "Schachinger, Mario"]
[Result "1-0"]
[WhiteElo "2330"]
[BlackElo "2356"]
[PlyCount "75"]
[EventDate "2010.10.16"]
[EventType "team"]
[EventRounds "11"]
[EventCountry "AUT"]
[WhiteTeam "ESV Austria Graz"]
[BlackTeam "SK MPOE Maria Saal"]

1.e4 e5 2.Nf3 Nc6 3.Bb5 a6 4.Ba4 Nf6 5.O-O Be7 6.Re1 b5 7.Bb3 d6 8.c3 O-O 9.h3
Na5 10.Bc2 c5 11.d4 Qc7 12.Nbd2 cxd4 13.cxd4 Bd7 14.Nf1 Rac8 15.Ne3 Nc6 16.Bb3
Nxd4 17.Nxd4 exd4 18.Qxd4 Rfe8 19.Bd2 Qb7 20.Nf5 Bxf5 21.exf5 d5 22.Rad1 Qd7
23.Qd3 Bc5 24.Bg5 Ne4 25.Rxe4 Bxf2+ 26.Kh1 Rxe4 27.Qxe4 dxe4 28.Rxd7 h6 29.Bxf7+
Kf8 30.Bf4 Bc5 31.Be6 e3 32.f6 gxf6 33.Bxh6+ Ke8 34.Rd1 e2 35.Re1 Rd8 36.Rxe2
Rd1+ 37.Kh2 Bd6+ 38.g3 1-0